| 000 | 00925cam a2200277 a 4500 | ||
|---|---|---|---|
| 001 | 16016252 | ||
| 005 | 20150504114617.0 | ||
| 008 | 091210t2011 enka frb 001 0 eng d | ||
| 020 | _a9781847878960 | ||
| 020 | _a9781847878977 (pbk) | ||
| 040 |
_aNLE _beng _cNLE _dS8J _dCDX _dYDXCP _dBTCTA _dBWK _dUKMGB _dDLC _dEG-ScBUE |
||
| 082 | 0 | 4 |
_a070.43 _bSPA _222 |
| 100 | 1 |
_aSpark, David. _937811 |
|
| 245 | 1 | 0 |
_aPractical newspaper reporting / _cDavid Spark and Geoffrey Harris. |
| 250 | _a4th ed. | ||
| 260 |
_aLondon ; _aCalifornia : _bSAGE Publications Ltd, _cc.2011. |
||
| 300 |
_axiv, 210 p. : _bill. ; _c24 cm. |
||
| 500 | _aIndex : p. 205-210. | ||
| 504 | _aIncludes bibliographical references. | ||
| 650 | 7 |
_aReporters and reporting. _2BUEsh _937383 |
|
| 650 | 7 |
_aJournalism. _2BUEsh _937800 |
|
| 653 |
_bCOMAME _cMay2015 |
||
| 655 |
_vreading book _934232 |
||
| 700 | 1 |
_aHarris, Geoffrey. _937812 |
|
| 942 |
_2ddc _k070.43 SPA |
||
| 999 |
_c19264 _d19236 |
||